Yak yuk / [Board Book] Michelle Robinson ; ... Read More
Available copies
- 1 of 1 copy available at LARL/NWRL Consortium. (Show)
- 1 of 1 copy available at Northwest Regional Library.
Current holds
0 current holds with 1 total copy.
Show Only Available Copies
| Location | Call Number / Copy Notes | Barcode | Shelving Location | Status | Due Date |
|---|---|---|---|---|---|
| Greenbush Public Library | e ROB (BOARD BOOK) (Text) | 35500005100597 | Main | Available | - |
Record details
- ISBN: 9781408817032 (cased)
- ISBN: 1408817039 (cased)
- Physical Description: 1 v. (unpaged) : ill. ; 18 cm.
- Publisher: London : Bloomsbury, 2012.
Content descriptions
| General Note: | Cover title. On board pages. |
| Summary, etc.: | "What happens when a yak says yuk to a duck who ... Read More |
Search for related items by subject
| Subject: | Yak > Fiction. Board books. Ducks > Fiction. |
| LDR | 01337cam a2200361Ia 4500 | ||
|---|---|---|---|
| 001 | 145538 | ||
| 003 | LARL_NWRL_CONSORTIUM | ||
| 005 | 20120830162631.0 | ||
| 008 | 111215s2012 enka j 000 f eng d | ||
| 015 | . | ‡aGBB1E4600 ‡2bnb | |
| 016 | 7 | . | ‡a015995749 ‡2Uk |
| 019 | . | ‡a761849995 | |
| 020 | . | ‡a9781408817032 (cased) | |
| 020 | . | ‡a1408817039 (cased) | |
| 035 | . | ‡a(OCoLC)769472313 ‡z(OCoLC)761849995 | |
| 040 | . | ‡aUKMGB ‡beng ‡cUKMGB ‡dBTCTA ‡dCXP ‡dNRG | |
| 049 | . | ‡aNRGM | |
| 082 | 0 | 4. | ‡a823.92 ‡223 |
| 100 | 1 | . | ‡aRobinson, Michelle ‡q(Michelle Jane), ‡d1977- ‡0(LARL_NWRL_CONSORTIUM)220902 |
| 245 | 1 | 0. | ‡aYak yuk / ‡h[Board Book] ‡cMichelle Robinson ; illustrated by David Sim. |
| 260 | . | ‡aLondon : ‡bBloomsbury, ‡c2012. | |
| 300 | . | ‡a1 v. (unpaged) : ‡bill. ; ‡c18 cm. | |
| 500 | . | ‡aCover title. | |
| 500 | . | ‡aOn board pages. | |
| 520 | . | ‡a"What happens when a yak says yuk to a duck who likes muck? Find out in this shout-out-loud book of fun words to roll off the tongues of toddlers and parents everywhere."--P. [4] of cover. | |
| 650 | 0. | ‡aYak ‡vFiction. | |
| 650 | 0. | ‡aBoard books. ‡0(LARL_NWRL_CONSORTIUM)162180 | |
| 650 | 0. | ‡aDucks ‡vFiction. | |
| 700 | 1 | . | ‡aSim, David, ‡d1953- ‡0(LARL_NWRL_CONSORTIUM)201566 |
| 994 | . | ‡aC0 ‡bNRG | |
| 901 | . | ‡a145538 ‡bOCLC ‡c145538 ‡tbiblio | |

Add to basket
Permalink
Disable Highlighting